Central Library OPAC University of Rajshahi

Effect of nutrient management on growth, yield and yield components of selective vegetable crops in calcareous soils of Bangladesh / (Record no. 81241)

MARC details
000 -LEADER
fixed length control field 01010nam a22002417a 4500
001 - CONTROL NUMBER
RUCL Control Number 81241
003 - CONTROL NUMBER IDENTIFIER
rucl marc code BD-RjUL
005 - DATE AND TIME OF LATEST TRANSACTION
control field 20231116122731.0
008 - FIXED-LENGTH DATA ELEMENTS--GENERAL INFORMATION
fixed length control field 230215s2013 bg a|||| m||| 00| 0 eng d
035 ## - SYSTEM CONTROL NUMBER
system control number (BD-RjUL)81241
040 ## - CATALOGING SOURCE
Original cataloging agency BD-RjUL
Language of cataloging eng
Transcribing agency BD-RjUL
Modifying agency BD-RjUL
041 ## - LANGUAGE CODE
Language code of Book eng
082 ## - DEWEY DECIMAL CLASSIFICATION NUMBER
DDC Edition number 23
Classification number 631.5585492
Author mark and Year NAE 2013
100 ## - MAIN ENTRY--PERSONAL NAME
Personal name Naher, Mst. Noor Akter
9 (RLIN) 7022
245 10 - TITLE STATEMENT
Title Effect of nutrient management on growth, yield and yield components of selective vegetable crops in calcareous soils of Bangladesh /
Statement of responsibility, etc By Mst. Noor Akter Naher ;
Name of Supervisor/Co-Supervisor Supervisor : Md. Nurul Alam.
260 ## - PUBLICATION, DISTRIBUTION, ETC. (IMPRINT)
Place of publication, distribution, etc Rajshahi :
Name of publisher, distributor, etc Department of Crop Science and Technology, University of Rajshahi,
Date of publication, distribution, etc 2013.
300 ## - PHYSICAL DESCRIPTION
Pagination xv, 145 leaves :
Other physical details ill, ;
Dimensions 29.cm.
502 ## - DISSERTATION NOTE
Dissertation note Thesis (Ph. D.) -- Department of Crop Science and Technology, University of Rajshahi, 2013
504 ## - BIBLIOGRAPHY, ETC. NOTE
Bibliography, etc References : Leaves 111 - 126
650 ## - SUBJECT ADDED ENTRY--TOPICAL TERM
Topical term or geographic name as entry element Yields
Form subdivision Specific techniques
Geographic subdivision Bangladesh
9 (RLIN) 7023
700 ## - ADDED ENTRY--SUPERVISOR/CO-SUPERVISOR NAME
Personal name Alam, Md. Nurul, Supervisor
9 (RLIN) 4965
942 ## - ADDED ENTRY ELEMENTS (KOHA)
Source of classification or shelving scheme Dewey Decimal Classification
Koha item type Theses
Holdings
Source of classification or shelving scheme Damaged status Not for loan Collection code Permanent Location Current Location Shelving location Date of accession Source of acquisition Full call number Barcode Date last seen Copy number Thesis
Dewey Decimal Classification   Not For Loan Theses Central Library, University of Rajshahi Central Library, University of Rajshahi Documentation Section 22/09/2014 Controller of Exam. R.U. THE 631.5585492 NAE 2013 D3652 15/02/2023 C-1 Theses